000 01010nas a2200337 4500
001 BR2012009161
003 BR-BrBNA
005 20231205121552.0
007 ta
008 230509b bl.|||p| |||| 00| 00por d
040 _aBR-BrBNA
_bpor
_cBiblioteca Nacional de Agricultura
041 _a(Pt)
072 _aQ03
100 1 _aRodrigues, L.J.
100 1 _aVilas Boas, E.V. de B.
100 1 _aPaula, N.R.F. de
100 1 _aPinto, D.M.
100 1 _aSilva, L.C. e
100 1 _aPiccoli, R.H.
245 1 _aQualidade microbiológica de pequis comercializados no Norte de Minas Gerais
650 _aPEQUI
650 _aCOMERCIALIZAÇÃO
650 _aQUALIDADE
650 _aANÁLISE MICROBIOLÓGICA
650 _aARMAZENAMENTO
650 _aSEGURANÇA ALIMENTAR
650 _aCONTROLE DE QUALIDADE
773 0 _tHigiene Alimentar (Brazil)
_xISSN 0101-9171
_g(Jul-Aug 2012), v. 26(210-211) p. 186-190
_wBR2012009161
909 _a202311
_bLúcia
_c55
_dLúcia Elande
942 _2AGRIS
_n0
_cANA
999 _c224161
_d224161